Catálogo público

Biología y fisiología celular / (Record no. 165615)

MARC details
000 -CABECERA
campo de control de longitud fija 01165nam a2200301Ia 4500
001 - NÚMERO DE CONTROL
campo de control Z_2556
003 - IDENTIFICADOR DEL NÚMERO DE CONTROL
campo de control CHAP
008 - DATOS DE LONGITUD FIJA--INFORMACIÓN GENERAL
campo de control de longitud fija 220113s1988 xx 000 0 und d
010 ## - NÚMERO DE CONTROL DE LA BIBLIOTECA DEL CONGRESO
Número de control de LC 165615
020 ## - NÚMERO INTERNACIONAL ESTÁNDAR DEL LIBRO
Número Internacional Estándar del Libro 84-282-0645-7 (obra completa) \ 84-282-0646-5 (tomo I) \ 84-282-0647-3 (tomo II) \ 84-282-0700-3 (tomo III) \ 84-282-0701-1 (tomo IV)
040 ## - FUENTE DE LA CATALOGACIÓN
Centro/agencia transcriptor CHAP
082 ## - NÚMERO DE LA CLASIFICACIÓN DECIMAL DEWEY
Número de clasificación 574.876 B4y
100 ## - ENTRADA PRINCIPAL--NOMBRE DE PERSONA
Nombre de persona Berkaloff, Andre
9 (RLIN) 11810
245 ## - MENCIÓN DE TÍTULO
Título Biología y fisiología celular /
Mención de responsabilidad, etc. Andre Berkaloff... [et al.]
260 ## - PUBLICACIÓN, DISTRIBUCIÓN, ETC.
Lugar de publicación, distribución, etc. Barcelona :
Nombre del editor, distribuidor, etc. Omega,
Fecha de publicación, distribución, etc. 1988
300 ## - DESCRIPCIÓN FÍSICA
Extensión 4 tomos
500 ## - NOTA GENERAL
Nota general Trad. De : Biologie et fisiologie cellulaires, ed. Rev. De 198? Contenido : v. 1 Membrana plasmática, etc. -- v. 2 Aparato de Golgi, Lisosomas, Mitocondilos, células y virus -- v. 3 Cloroplastos, Peroxisomas, división celular -- v. 4 Cromosomas, nucle
503 ## - NOTA DE HISTORIA BIBLIOGRÁFICA (BK CF MU) [OBSOLETO]
Nota de historia bibliográfica ej.1 tomo 1: 160626 \ ej.1 tomo 2: 160627 \ ej.1 tomo 3: 160628 \ ej.1 tomo 4: 160629
650 ## - PUNTO DE ACCESO ADICIONAL DE MATERIA--TÉRMINO DE MATERIA
Término de materia o nombre geográfico como elemento de entrada Citología
9 (RLIN) 23489
650 ## - PUNTO DE ACCESO ADICIONAL DE MATERIA--TÉRMINO DE MATERIA
Término de materia o nombre geográfico como elemento de entrada Cromosomas
9 (RLIN) 29152
650 ## - PUNTO DE ACCESO ADICIONAL DE MATERIA--TÉRMINO DE MATERIA
Término de materia o nombre geográfico como elemento de entrada Membranas (Biología)
9 (RLIN) 74496
901 ## - ELEMENTOS DE DATOS A LOCAL LDA (RLIN)
a 574.876 B4Y
902 ## - ELEMENTOS DE DATOS B LOCAL, LDB (RLIN)
a M
910 ## - DATOS DE OPCIÓN DEL USUARIO (OCLC)
Datos de opción del usuario 1988
942 ## - ELEMENTOS DE PUNTO DE ACCESO ADICIONAL (KOHA)
Tipo de ítem Koha Libro_
942 ## - ELEMENTOS DE PUNTO DE ACCESO ADICIONAL (KOHA)
Tipo de ítem Koha
Holdings
Estado de retiro Estado de pérdida Fuente del sistema de clasificación o colocación Estado dañado No para préstamo Código de colección Localización permanente Ubicación/localización actual Ubicación en estantería Fecha de adquisición Enumeración/cronología de publicación seriada Código de barras Fecha visto por última vez Número de copia Precio válido a partir de Tipo de ítem Koha
    Dewey Decimal Classification     General Zootecnia Zootecnia   09/11/2005 Tomo: 1 z_1261 18/01/2022 1 18/01/2022 Libro
    Dewey Decimal Classification     General Zootecnia Zootecnia   09/11/2005 Tomo: 2 z_1262 18/01/2022 1 18/01/2022 Libro
    Dewey Decimal Classification     General Zootecnia Zootecnia   09/11/2005 Tomo: 3 z_1263 18/01/2022 1 18/01/2022 Libro
    Dewey Decimal Classification     General Zootecnia Zootecnia   09/11/2005 Tomo: 4 z_1264 18/01/2022 1 18/01/2022 Libro